01891nam a2200469 i 450000100060000000300080000600500170001400600190003100700150005000800410006502000270010603500230013303500240015603500250018003500220020504000310022705000250025808000070028308200150029010000360030524501550034126400490049630000550054533600310060033700330063133800430066450201140070750400290082158801250085059001590097565000260113465000260116065000260118665000290121265100100124165100100125165500270126170000350128879700190132385600620134299900170140424274FlNmELB20241216214144.0m o d | cr cnu||||||||160312s2015 cu a ob 000 0 spa d a9789591628923 (e book) a(MiAaPQ)EBC4310244 a(Au-PeEL)EBL4310244 a(CaPaEBR)ebr11138383 a(OCoLC)1105893952 aFINmELBbspaerdacFINmELB 4aLB1140.2bR6961 2015 a370 a372.212231 aRodríguez Rodríguez, Dania.13aLa formación emocional del estudiante de educación preescolar /cautora: MSc. Dania Rodríguez Rodríguez ; tutora: Dra.C. Regina Venet Muñoz. 1aLa Habana :bEditorial Universitaria,c2015. a1 recurso en línea (ix, 170 páginas) :btablas atextobtxt2rdacontent/spa acomputadorabc2rdamedia/spa arecurso en líneabcr2rdacarrier/spa aTesisbDoctor en Ciencias PedagógicascUniversidad de Ciencias Pedagógicas "Frank País García"d2014. aContiene bibliografía. aDescripción basada en recurso en línea; Título de la página del título en PDF (e-libro, visto March 12, 2015). aRecurso electronico. Santa Fe, Arg. : e-libro, 2016. Disponible via World Wide Web. El acceso puede ser limitado para las bibliotecas afiliadas a e-libro. 0aEducation, Preschool. 0aEmotions in children. 4aEducacion preescolar. 4aPsicología del niño. 0aCuba. 4aCuba. 4aLibros electrónicos.1 aVenet Muñoz, Regina,etutor.2 ae-libro, Corp.40uhttps://elibro.net/ereader/politecnicointernacional/90820 c24274d24274